OECD-FAO agricultural outlook 2005-2014
Gespeichert in:
| Format: | Buch |
|---|---|
| Sprache: | Undetermined |
| Veröffentlicht: |
Rome
OECD/FAO
2005
|
| Schlagworte: | |
| Tags: |
Tag hinzufügen
Keine Tags, Fügen Sie den ersten Tag hinzu!
|
| Thư viện lưu trữ: | Trung tâm Học liệu Trường Đại học Cần Thơ |
|---|
| LEADER | 00508nam a2200169Ia 4500 | ||
|---|---|---|---|
| 001 | CTU_108475 | ||
| 008 | 210402s9999 xx 000 0 und d | ||
| 082 | |a 338.18 | ||
| 082 | |b O.68 | ||
| 245 | 0 | |a OECD-FAO agricultural outlook 2005-2014 | |
| 260 | |a Rome | ||
| 260 | |b OECD/FAO | ||
| 260 | |c 2005 | ||
| 650 | |a Agriculture,Agriculture,Agriculture and state | ||
| 650 | |x Economic aspects,Forecasting,Economic aspects,Statistics | ||
| 904 | |i Minh | ||
| 980 | |a Trung tâm Học liệu Trường Đại học Cần Thơ | ||